000 02650nam a2200529 c 4500
999 _c205371
_d205371
003 BLK
005 20230419135726.0
008 180411b bul|||||r ||||||| ||bul||
010 _aKNG00214976000
020 _a978-954-733-932-3
040 _aBLK
041 _aBUL
_cBUL
072 7 _2bullib
_aН92
_xИстория Н
080 _aИстория на Втората световна война (1939-1945)
_b94(100)"1939/1945"
_x(093.3)
_z94(100)"1939/1945"(093.3)
080 _aСпециални пехотни части - Командоси. Парашутни части. Въздушно-десантни части
_b356.16
_x(430)(091)(093.3)
_z356.16(430)(091)(093.3)
080 _aРазузнавателна служба. Тайна служба. Шпионаж. Разузнавателна информация. Вж и 327.84 ; 344.1
_b355.40
_x:355.48(100)"1939/45"(093.3)
_z355.40:355.48(100)"1939/45"(093.3)
080 _aИстория на Германия
_b94(430)
_x(093.3)
_z94(430)(093.3)
100 1 _aСкорцени, Ото
_eпърви автор
_9120992
139 _aСкорцени, Ото
_bС 40
245 1 0 _aНеизвестната война
_bМоите тайни операции : Кн. 1 -
_cОто Скорцени; прев. Георги Рачев.
_nКн. 1
257 _aDEU
260 _c2017
300 _c20 см
380 _a9
490 1 _aПоредица Хроника
500 _aОриг. загл. Meine Komando-Unternehmen / Otto Skorzeni.
650 4 _aВтора световна война - спомени
_9243237
650 4 _aВъоръжени сили - Германия
_9250573
650 4 _aШпионаж и диверсия - Германия - история
_9259333
650 4 _aРазузнаване - Германия - история
_9295420
650 4 _aНационалсоциализъм - Германия
_9163821
650 4 _aГермания - военно дело - политика - история
_9350673
651 4 _aГермания
_9178754
653 _aВтора световна война
653 _aвъоръжени сили
653 _aразузнаване
653 _aдиверсии
653 _aспомени
659 _aН
700 1 _aРачев, Георги
_eпрев.
_9367672
760 1 _aСкорцени, Ото
_dПрозорец, 2017
_h320 с. : със сн.
_tКн. 1
852 _aЦб 290126
856 4 _qpdf
856 4 _qpdf
942 _cKNG
_n0
_014
_s1
944 _aCR
_c17.12.2017
_lф /
_kВиолета_Тройчева
944 _aED
_c09.02.2018
_lф /
_kЛюдмила_Стоянова
999 _d205371
999 _d205371